Come a Little Closer - Cage the Elephant (All Lyrics) - Statistics

General Stats
  • This quiz has been taken 28 times
  • The average score is 210 of 272
Answer Stats
Answer % Correct
a
100%
closer
100%
Come
100%
come
100%
little
100%
see
100%
the
100%
then
100%
what
100%
you
100%
be
96%
on
96%
seem
96%
Things
96%
things
96%
they
91%
to
91%
always
87%
aren't
87%
you'll
87%
by
83%
Do
78%
understand
78%
And
74%
Time
74%
brother
70%
I
70%
that
70%
we
70%
all
65%
father
65%
like
65%
love
65%
along
61%
behind
61%
flies
61%
know
61%
my
61%
Now
61%
now
61%
will
61%
Will
61%
blind
57%
dust
57%
found
57%
seeing?
57%
shake
57%
water
57%
were
57%
at
52%
At
52%
can
52%
first
52%
I'll
52%
in
52%
This
52%
times
52%
world
52%
alone
48%
people
48%
stand
48%
thousand
48%
been
43%
Earthquakes
43%
it
43%
sang
43%
Ten
43%
there
43%
Tomorrow
43%
you've
43%
dreaming?
39%
your
39%
find
35%
just
35%
shakes
35%
change
30%
Change
30%
evening
30%
burn
26%
heavy
26%
or
26%
shoulders
26%
smolder?
26%
Still
26%
sun
26%
upon
26%
rise
22%
Heartbreaks
17%
sank
17%
Somehow
17%
wanna
17%
world's
17%
if
13%
Ooh
13%
No matching quizzes found
Score Distribution
Percent of People with Each Score
Percentile by Number Answered
Your Score History
You have not taken this quiz